000 00610nam a2200229 a 4500
001 27128
003 BD-RjUL
005 20211209051121.0
008 140324t1949 enk 001 0 eng u
035 _a(BD-RjUL)27199
040 _cHUC
_aDLC
_beng
_dBD-RjUL
041 _aeng
082 0 4 _a956.94
_bHEZ 1949
090 _aDS149
_b.H427
100 1 _aHeller, Joseph,
_d1888-1957.
_983297
245 1 4 _aThe Zionist idea /
_cby Joseph Heller.
260 _aNew york :
_bSchocken Books,
_cc1949.
300 _avii, 246 p. ;
_c22 cm.
504 _aincludes index.
650 0 _aZionism.
_971861
942 _2ddc
_cBK
999 _c27128
_d27128